000 00521nam a22001817a 4500
008 171023b xxu||||| |||| 00| | tur d
020 _a9789944883009
041 _atur
050 _aPL248.B48
100 _9824
_aAlphan Akgül
245 _aYahya Kemal Beyatlı Şiiri Üzerine Makaleler
250 _a1.Baskı
260 _aİstanbul
_bTürkiye İş Bankası Yayınları
_cMart 2008
300 _a195 Sayfa
500 _aBilkent Üniversitesi Türk Edebiyatı
650 0 _9145
_aTürk Edebiyatı
942 _2lcc
_cBK
999 _c1516
_d1492